Abrege' Nouveau de l'Histoire Generale des Turcs, Où sont décrits les évenemens et les révolutions arrivées dans cette vaste Monarchie dépuis son établissement jusqu'à present Tome Second

Bibliographic Details
Main Author: Vanel, Claude, 1686-1700 (Author)
Format: Book
Language:French
PhysicalDescription:6 nečíslovaných strán, 508 strán, 16 nečislovaných strán ilustrácie, vinety, registre 16 cm
Published: à Paris [vydavateľ nie je známy] M.DC.XCVII. (1697)
Edition:Avec les Portraits des Empereur Ottomans tirez sur les meilleurs originaux. Nouvelle Edition
Subjects:

MARC

LEADER 00000nam a2200000 4500
001 vtls012159039
003 SK-MaSNL
005 20260302095333.0
008 251117t1697 fr ac rh 001 0cfre
015 |a SNBHFA1697 
040 |a SNKHF  |b slo  |c SNK  |e rda 
041 0 |a fre 
044 |a fr  |c FR 
072 7 |a 93/94  |x Dejiny (všeobecne)  |2 konspekt 
080 |a 93/94  |2 2011 
100 1 |a Vanel, Claude,  |d 1686-1700  |4 aut  |9 371326 
245 1 0 |a Abrege' Nouveau de l'Histoire Generale des Turcs, Où sont décrits les évenemens et les révolutions arrivées dans cette vaste Monarchie  |b dépuis son établissement jusqu'à present  |c Par Mr. Vanel, Conseiller du Roy en sa Cour des Comptes, Aydes, et Finances de Montpelier  |n Tome Second 
250 |a Avec les Portraits des Empereur Ottomans tirez sur les meilleurs originaux. Nouvelle Edition 
260 |a à Paris  |b [vydavateľ nie je známy]  |c M.DC.XCVII. (1697) 
300 |a 6 nečíslovaných strán, 508 strán, 16 nečislovaných strán  |b ilustrácie, vinety, registre  |c 16 cm 
336 |a text  |b txt  |2 rdacontent 
337 |a bez média  |b n  |2 rdamedia 
338 |a zväzok  |b nc  |2 rdacarier 
500 |a Kustody, vineta na titulnom liste, koncové vinety, iniciály, marginálie 
500 |a Ilustrácie s portrétmi jednotlivých sultánov 
600 0 |a Süleyman  |b II.  |9 570027 
600 0 |a Selim  |b I.  |9 768357 
600 0 |a Bajazid  |b II.  |9 768358 
600 0 |a Mehmed  |b II.  |9 768359 
600 0 |a Murad  |b II.  |9 768360 
600 0 |a Mehmed  |b I.  |9 768361 
650 0 7 |a dejiny  |2 SNKPH  |9 3825 
651 7 |a Osmanská ríša  |2 SNKPH  |9 71407 
651 7 |a Turecko  |2 SNK  |9 16927 
752 |a Francúzsko  |d Paríž 
852 |a snk  |b Zaiova knižnica: Zay 1436  |p ID 103194/2 
958 |a DF 
958 |a ONDV 
999 |c 1216613  |d 1218543 
952 |t Zay 1436  |a SNK  |b SNK  |y PREZ  |7 0  |p 17A1486003  |o snkID 103194/2  |i snk2023/1320  |8 5  |0 0  |1 0  |4 0  |d 2023-01-23  |l 0  |r 2026-02-24 23:31:29  |w 2026-02-24